Normal view MARC view

Entry Topical Term

Number of records used in: 1

001 - CONTROL NUMBER

  • control field: 40486

003 - CONTROL NUMBER IDENTIFIER

  • control field: dpl

005 - DATE AND TIME OF LATEST TRANSACTION

  • control field: 20120131153857.0

008 - FIXED-LENGTH DATA ELEMENTS

  • fixed length control field: 120131|||a|||||| | ||| d

040 ## - CATALOGING SOURCE

  • Original cataloging agency: dpl
  • Transcribing agency: dpl

150 ## - HEADING--TOPICAL TERM

  • Topical term or geographic name as entry element: कहानियां

670 ## - SOURCE DATA FOUND

  • Source citation: Work cat.: (dpl)61530: वर्मा, श्यामजी 40485, पंचतंत्र की कहानियां /, 2011

670 ## - SOURCE DATA FOUND

  • Source citation: Work cat.: (dpl)61530: वर्मा, श्यामजी 40485, पंचतंत्र की कहानियां /, 2011

© Delhi Public Library
Hit Counter
free hit counter